| 000 | 00740nam a2200205Ia 4500 | ||
|---|---|---|---|
| 001 | 4970 | ||
| 003 | GE_BSU | ||
| 008 | 181216s||||||||xx |||||||||||||| ||und|| | ||
| 040 | _cGE_BSU | ||
| 080 | _a517.3 | ||
| 100 | _aБурбаки, Н. Bourbaki. N | ||
| 245 | _aИнтегрирование. Меры, интегрирование мер. Integration. | ||
| 245 | _cПод ред. С.Б. Стечкина. Пер. с французского Е.И. Стечкиной. Гл. ред. физ.-мат. лит-ры. | ||
| 260 | _aМосква | ||
| 260 | _bНаука | ||
| 260 | _c1967 | ||
| 300 | _a396 с. 22 см. | ||
| 653 | _aИнтегрирование. Меры, интегрирование мер. Integration. | ||
| 942 | _cBK | ||
| 999 |
_c38706 _d38706 |
||